Koncert pro housle a orchestr C dur Concerto for violin and orchestra C major /

Hlavní autor: Benda, František, 1709-1786
Další autoři: Luks, Václav, 1970-
Jazyk: Nelze použít, není lingvistický obsah
Vydáno: Praha : Český rozhlas, 2009
Vydání: 1. vyd.
Edice: Thesaurus antiquae musicae
Témata:
Fyzický popis: 1 partitura (51 s.) + 12 hlasů ; 30 cm
Language note: Životopis, informace o skladbě, vydavatelská zpráva a poznámky česky a anglicky
Hudebniny Hudebniny
Uloženo v:
LEADER 01795ncm a2200457 a 4500
001 001148117
003 CZ BrMZK
005 20240105134531.0
007 qu
008 110506s2009 xr coaeg nn zxx d
020 |q (Brož.) 
028 2 1 |a R 195  |b Český rozhlas 
040 |a BOA001  |b cze 
041 0 |a zxx  |g cze  |g eng 
043 |a e-xr--- 
045 |a v-v- 
048 |b sa01  |a ob01 
072 7 |a 787  |x Hudba pro strunné a smyčcové nástroje  |2 Konspekt  |9 9 
080 |a 787.1.082.4  |2 MRF 
080 |a (437.3)  |2 MRF 
080 |a 78.089.6.087  |2 MRF 
100 1 |a Benda, František,  |d 1709-1786  |7 jn19990209037  |4 vmp 
240 1 0 |a Koncerty,  |m housle, smyčcový orchestr,  |n L. II, 1,  |r C dur  |7 aun2011644972 
245 1 0 |a Koncert pro housle a orchestr C dur  |h [hudebnina] =  |b Concerto for violin and orchestra C major /  |c František Benda ; editor Václav Luks 
250 |a 1. vyd. 
254 |a Partitura a hlasy 
260 |a Praha :  |b Český rozhlas,  |c 2009 
300 |a 1 partitura (51 s.) + 12 hlasů ;  |c 30 cm 
490 1 |a Thesaurus antiquae musicae ;  |v 12 
546 |a Životopis, informace o skladbě, vydavatelská zpráva a poznámky česky a anglicky 
648 7 |a 18. století  |7 ch460556  |2 czenas 
650 0 7 |a koncerty (housle, orchestr)  |7 ph333380  |2 czenas 
650 0 7 |a koncerty  |7 ph121790  |z Česko  |y 18. stol.  |2 czenas 
655 7 |a partitury a hlasy  |7 fd186702  |2 czenas 
700 1 |a Luks, Václav,  |d 1970-  |7 jx20060516006  |4 edt 
830 0 |a Thesaurus antiquae musicae 
910 |a BOA001  |b Mus4-1263.987 
990 |a MU 
991 |b 201105  |c NOV 
996 6 |b 2610479711  |c Mus4-1263.987  |l MZK  |r Sklad / do 1 hodiny  |n 0  |p p.v.  |w 001180724  |u 000010  |a 1  |e BOA001  |j MZK50  |s P 
996 7 |b 2610479712  |c Mus4-1263.987  |l MZK  |r Sklad / do 1 hodiny  |n 0  |p kup  |w 001180724  |u 000020  |a 1  |e BOA001  |j MZK50  |s A